[Event "Mislata op-A 47th"]
[Site "Mislata"]
[Date "2013.08.17"]
[Round "8"]
[White "Garcia de Lomas Guerrero, Carlos"]
[Black "Sanchez Dengra, Jose Maria"]
[Result "1/2-1/2"]
[WhiteElo "2013"]
[BlackElo "2134"]
[PlyCount "45"]
[EventDate "2013.08.12"]
[EventType "swiss"]
[EventRounds "9"]
[EventCountry "ESP"]
[SourceTitle "EXT 2024"]
[Source "ChessBase"]
[SourceDate "2023.10.10"]
[SourceVersion "1"]
[SourceVersionDate "2023.10.10"]
[SourceQuality "1"]

1. e4 c5 2. Nf3 Nc6 3. d4 cxd4 4. Nxd4 e6 5. Nxc6 bxc6 6. Bd3 d5 7. Nd2 Nf6 8. c4 Be7 9. Qe2 0-0 10. 0-0 a5 11. b3 a4 12. Bb2 a3 13. Bxf6 Bxf6 14. Rad1 g6 15. Nf3 Bb7 16. Qc2 Qa5 17. e5 Bg7 18. h4 dxc4 19. Bxc4 Bxe5 20. Rd7 Bc8 21. b4 Qa4 22. Bb3 Qb5 23. Bc4 1/2-1/2

[Event "Mislata op-A 47th"]
[Site "Mislata"]
[Date "2013.08.15"]
[Round "6"]
[White "Garcia de Lomas Guerrero, Carlos"]
[Black "Jordan Arenas, Manuel"]
[Result "1-0"]
[WhiteElo "2013"]
[BlackElo "2114"]
[PlyCount "37"]
[EventDate "2013.08.12"]
[EventType "swiss"]
[EventRounds "9"]
[EventCountry "ESP"]
[SourceTitle "EXT 2024"]
[Source "ChessBase"]
[SourceDate "2023.10.10"]
[SourceVersion "1"]
[SourceVersionDate "2023.10.10"]
[SourceQuality "1"]

1. e4 e5 2. Nf3 Nc6 3. d4 exd4 4. Nxd4 Nf6 5. Nxc6 bxc6 6. e5 Qe7 7. Qe2 Nd5 8. c4 Ba6 9. b3 g6 10. f4 Bg7 11. Qf2 Nf6 12. Be2 Ne4 13. Qe3 d5 14. Ba3 Qe6 15. Nc3 Nxc3 16. Qxc3 0-0-0 17. Qa5 Kb7 18. Qxa6+ Kxa6 19. cxd5+ 1-0

[Event "Mislata op-A 47th"]
[Site "Mislata"]
[Date "2013.08.13"]
[Round "3"]
[White "Gonzalez Aguirre, Luis"]
[Black "Garcia de Lomas Guerrero, Carlos"]
[Result "1-0"]
[WhiteElo "2151"]
[BlackElo "2013"]
[PlyCount "107"]
[EventDate "2013.08.12"]
[EventType "swiss"]
[EventRounds "9"]
[EventCountry "ESP"]
[SourceTitle "EXT 2024"]
[Source "ChessBase"]
[SourceDate "2023.10.10"]
[SourceVersion "1"]
[SourceVersionDate "2023.10.10"]
[SourceQuality "1"]

1. c4 Nf6 2. Nc3 e5 3. g3 d5 4. cxd5 Nxd5 5. Bg2 Nb6 6. Nf3 Nc6 7. 0-0 Be7 8. a3 0-0 9. b4 Be6 10. d3 Nd4 11. Nd2 c6 12. Bb2 f6 13. e3 Nf5 14. Nb3 Qd7 15. Qc2 Nh6 16. Ne4 Bh3 17. Nbc5 Qc8 18. Nd2 Bxc5 19. bxc5 Nd5 20. d4 Bxg2 21. Kxg2 exd4 22. Bxd4 Nf5 23. Nf3 Nxd4 24. Nxd4 f5 25. Qb3 Qd7 26. Ne2 Qf7 27. Rab1 b5 28. cxb6 axb6 29. Rfc1 c5 30. Nc3 c4 31. Qb5 Ra5 32. Qc6 Rc5 33. Qd6 Nxc3 34. Rxc3 Qb7+ 35. Kg1 Rd5 36. Rxb6 Rd1+ 37. Qxd1 Qxb6 38. Qd5+ Kh8 39. Qxc4 h6 40. Qc6 Qb1+ 41. Rc1 Qb2 42. a4 Rf6 43. Qc8+ Kh7 44. a5 Qe2 45. Qc4 Qd2 46. Qc3 Qe2 47. Qc4 Qd2 48. Ra1 Qb2 49. Qa2 Qb7 50. a6 Qa7 51. Qa4 Rb6 52. Qa5 Kg6 53. Qxb6+ Qxb6 54. a7 1-0

[Event "Benidorm Nuevas Generaciones U16 8th"]
[Site "Benidorm"]
[Date "2012.12.06"]
[Round "2"]
[White "Chaikhiev Chaikhieva, Miguel A"]
[Black "Garcia de Lomas Guerrero, Carlos"]
[Result "1-0"]
[WhiteElo "1829"]
[BlackElo "2053"]
[PlyCount "81"]
[EventDate "2012.12.05"]
[EventType "swiss"]
[EventRounds "7"]
[EventCountry "ESP"]
[SourceTitle "EXT 2022"]
[Source "ChessBase"]
[SourceDate "2021.10.06"]
[SourceVersion "1"]
[SourceVersionDate "2021.10.06"]
[SourceQuality "1"]

1. d4 d5 2. Nf3 Nf6 3. g3 e6 4. Bg2 Be7 5. 0-0 0-0 6. b3 Nbd7 7. Bb2 c5 8. e3 b6 9. Nbd2 Bb7 10. c4 Rc8 11. Ne5 cxd4 12. exd4 Nb8 13. Rc1 Bd6 14. a3 Qe7 15. b4 dxc4 16. Bxb7 Qxb7 17. Ndxc4 Be7 18. b5 Rfd8 19. Qa4 a6 20. bxa6 Nxa6 21. Qb5 Rd5 22. Qxb6 Rb5 23. Qxb7 Rxb7 24. Rb1 Nd5 25. Na5 Rb5 26. Nec6 Rb6 27. Rfc1 Bg5 28. f4 Bf6 29. Nb4 Rxc1+ 30. Rxc1 g6 31. Nc4 Naxb4 32. Nxb6 Nd3 33. Nxd5 exd5 34. Rc8+ Kg7 35. Bc3 Nc1 36. Kf2 Nb3 37. Ke3 g5 38. a4 h5 39. a5 h4 40. a6 gxf4+ 41. gxf4 1-0

[Event "ESP-ch U16"]
[Site "Salobrena"]
[Date "2012.07.20"]
[Round "8"]
[White "Rodriguez Garcia, Carlos"]
[Black "Garcia de Lomas Guerrero, Carlos"]
[Result "1-0"]
[WhiteElo "1866"]
[BlackElo "2041"]
[PlyCount "160"]
[EventDate "2012.07.16"]
[EventType "swiss"]
[EventRounds "9"]
[EventCountry "ESP"]
[SourceTitle "EXT 2014"]
[Source "ChessBase"]
[SourceDate "2013.11.20"]
[SourceVersion "1"]
[SourceVersionDate "2013.11.20"]
[SourceQuality "1"]

1. e4 e6 2. d4 d5 3. exd5 exd5 4. Bd3 Bd6 5. Qf3 Nc6 6. c3 Nge7 7. Ne2 h5 8. h3 Be6 9. Bf4 Qd7 10. Nd2 0-0-0 11. 0-0-0 f6 12. Bxd6 Qxd6 13. Nf4 Bf7 14. h4 Rh6 15. Rde1 Rdh8 16. g4 hxg4 17. Qxg4+ Kb8 18. Ng2 g5 19. Qg3 Qd7 20. f4 g4 21. f5 Rg8 22. Rhf1 Rh5 23. Ne3 Rh7 24. Rg1 Bh5 25. Qf4 Qd6 26. Qxd6 cxd6 27. Rg2 Rgh8 28. Rh1 Rg7 29. Ndf1 Nd8 30. Rhg1 Rgh7 31. Nh2 Ng8 32. Nhxg4 Bf7 33. Be2 Rxh4 34. Bf3 R4h5 35. Nf2 Rh4 36. Bxd5 Ne7 37. Bxf7 Nxf7 38. Rg7 R8h7 39. Rxh7 Rxh7 40. Nfg4 Rg7 41. Rh1 Ng8 42. Rh4 Ng5 43. Nd5 Nf3 44. Rh8 Rxg4 45. Nxf6 Rh4 46. Rxg8+ Kc7 47. Rg7+ Kc6 48. d5+ Kc5 49. Rxb7 Rh1+ 50. Kc2 Rh2+ 51. Kd3 Ne5+ 52. Ke3 Rh3+ 53. Kf4 Nd3+ 54. Kg5 Nf2 55. Rc7+ Kb5 56. Rh7 Rg3+ 57. Kh6 Rf3 58. Kg6 Rg3+ 59. Kf7 Re3 60. Nd7 Ne4 61. Rg7 Re2 62. f6 Rxb2 63. Kg8 Nxf6+ 64. Nxf6 Rxa2 65. Rb7+ Kc4 66. Rc7+ Kd3 67. Kf7 a5 68. Ke6 a4 69. Kxd6 a3 70. Nd7 Rc2 71. Ne5+ Ke4 72. c4 a2 73. Ra7 Kd4 74. Ra4 Kc3 75. c5 Kb3 76. Rxa2 Rxa2 77. c6 Kc3 78. c7 Ra8 79. Nc6 Rc8 80. Kd7 Ra8 1-0

[Event "ESP-ch U16"]
[Site "Salobrena"]
[Date "2012.07.18"]
[Round "5"]
[White "Garcia de Lomas Guerrero, Carlos"]
[Black "Garcia Martinez, Marcos"]
[Result "1/2-1/2"]
[WhiteElo "2041"]
[BlackElo "1849"]
[PlyCount "68"]
[EventDate "2012.07.16"]
[EventType "swiss"]
[EventRounds "9"]
[EventCountry "ESP"]
[SourceTitle "EXT 2014"]
[Source "ChessBase"]
[SourceDate "2013.11.20"]
[SourceVersion "1"]
[SourceVersionDate "2013.11.20"]
[SourceQuality "1"]

1. e4 e6 2. Nf3 d5 3. Nc3 Nf6 4. e5 Nfd7 5. d4 c5 6. dxc5 Nc6 7. Bf4 Nxc5 8. a3 a5 9. Bd3 Be7 10. h3 b6 11. Bb5 Bd7 12. Bxc6 Bxc6 13. Nd4 Bd7 14. 0-0 0-0 15. Qg4 f5 16. Qe2 Qe8 17. Rfe1 Ne4 18. Nxe4 fxe4 19. Qg4 Qf7 20. Be3 Bc5 21. Rad1 Rac8 22. Rd2 a4 23. h4 b5 24. c3 Bxd4 25. Bxd4 Qf4 26. Qxf4 Rxf4 27. g3 Rff8 28. Kg2 Be8 29. Be3 h5 30. Rdd1 Bg6 31. Kh2 Bf5 32. Rd4 Rc4 33. Rd2 Ra8 34. Bd4 Kh7 1/2-1/2

[Event "Andalucia-ch"]
[Site "Lucena"]
[Date "2012.05.01"]
[Round "9"]
[White "Diaz Rodriguez, Jose Antonio"]
[Black "Garcia de Lomas Guerrero, Carlos"]
[Result "1-0"]
[WhiteElo "2055"]
[BlackElo "2003"]
[PlyCount "53"]
[EventDate "2012.04.26"]
[EventType "swiss"]
[EventRounds "9"]
[EventCountry "ESP"]
[SourceTitle "EXT 2013"]
[Source "ChessBase"]
[SourceDate "2012.11.22"]
[SourceVersion "1"]
[SourceVersionDate "2012.11.22"]
[SourceQuality "1"]

1. e4 e6 2. d4 d5 3. exd5 exd5 4. Bd3 Bd6 5. Nf3 Ne7 6. 0-0 Bg4 7. Be3 Nbc6 8. c3 Qd7 9. Nbd2 f5 10. Bg5 h6 11. Bxe7 Nxe7 12. Re1 0-0-0 13. a4 g5 14. Qc2 Rdf8 15. Ne5 Bxe5 16. dxe5 f4 17. Nb3 f3 18. Nc5 Qc6 19. b4 Bf5 20. e6 fxg2 21. Nd7 Bxd3 22. Qxd3 Rf4 23. b5 Qd6 24. Qe3 d4 25. cxd4 Nf5 26. Qe5 Nxd4 27. Qxh8+ 1-0

[Event "Barbera del Valles op 34th"]
[Site "Barbera del Valles"]
[Date "2011.07.12"]
[Round "9"]
[White "Garcia de Lomas Guerrero, Carlos"]
[Black "Losada Carrera, Francisco Javier"]
[Result "0-1"]
[WhiteElo "1980"]
[BlackElo "2231"]
[PlyCount "66"]
[EventDate "2011.07.04"]
[EventType "swiss"]
[EventRounds "9"]
[EventCountry "ESP"]
[SourceTitle "CBM 143 Extra"]
[Source "ChessBase"]
[SourceDate "2011.08.29"]
[SourceVersion "1"]
[SourceVersionDate "2011.08.29"]
[SourceQuality "1"]

1. e4 c5 2. Nf3 d6 3. d4 cxd4 4. Nxd4 Nf6 5. Nc3 a6 6. Bg5 e6 7. f4 Nc6 8. e5 h6 9. Nxc6 bxc6 10. Bh4 g5 11. fxg5 Nd5 12. Qd2 dxe5 13. Ne4 Qb6 14. c3 Rb8 15. b3 hxg5 16. Bxg5 f5 17. Nf6+ Kf7 18. Nxd5 exd5 19. h4 Be6 20. h5 d4 21. g4 dxc3 22. Qc2 Rg8 23. gxf5 Bd5 24. f6 Rxg5 25. Rh3 Qd4 26. h6 Qd2+ 27. Qxd2 cxd2+ 28. Kxd2 Bb4+ 29. Kc2 Be4+ 30. Kb2 Rd8 31. Bc4+ Kxf6 32. Rf1+ Rf5 33. Rxf5+ Bxf5 0-1

[Event "Malaga op 14th"]
[Site "Malaga"]
[Date "2011.04.29"]
[Round "1"]
[White "Rivas Pastor, Manuel"]
[Black "Garcia de Lomas Guerrero, Carlos"]
[Result "1-0"]
[WhiteElo "2533"]
[BlackElo "1951"]
[PlyCount "47"]
[EventDate "2011.04.29"]
[EventType "swiss"]
[EventRounds "7"]
[EventCountry "ESP"]
[SourceTitle "CBM 142 Extra"]
[Source "ChessBase"]
[SourceDate "2011.06.27"]
[SourceVersion "1"]
[SourceVersionDate "2011.06.27"]
[SourceQuality "1"]

1. g3 Nf6 2. Bg2 d5 3. c4 e6 4. Nf3 Be7 5. b3 0-0 6. Bb2 Nbd7 7. 0-0 b6 8. cxd5 exd5 9. Nd4 Bb7 10. Nf5 Re8 11. Nxe7+ Qxe7 12. e3 Ba6 13. Re1 Ne5 14. Bxe5 Qxe5 15. d4 Qf5 16. Nc3 Ne4 17. Qc2 c5 18. dxc5 bxc5 19. Rac1 Rac8 20. f3 Nd6 21. Qxf5 Nxf5 22. Nxd5 c4 23. Bh3 Rc5 24. Red1 1-0

[Event "Gibraltar Masters 9th"]
[Site "Caleta"]
[Date "2011.02.02"]
[Round "9"]
[White "Daumen, Michael"]
[Black "Garcia de Lomas Guerrero, Carlos"]
[Result "1-0"]
[WhiteElo "2130"]
[BlackElo "1940"]
[PlyCount "55"]
[EventDate "2011.01.25"]
[EventType "swiss"]
[EventRounds "10"]
[EventCountry "GGB"]
[SourceTitle "CBM 141"]
[Source "ChessBase"]
[SourceDate "2011.03.17"]
[SourceVersion "1"]
[SourceVersionDate "2011.03.17"]
[SourceQuality "1"]

1. d4 d5 2. c4 e6 3. Nc3 Nf6 4. cxd5 exd5 5. Bg5 Be7 6. e3 0-0 7. Bd3 h6 8. Bh4 Re8 9. Nge2 b6 10. 0-0 Bb7 11. Qc2 Nbd7 12. f3 c5 13. Bf2 Rc8 14. Rad1 Nf8 15. Bf5 Ra8 16. Qd2 g6 17. Bc2 Ne6 18. Ba4 Rf8 19. Bb3 c4 20. Bc2 Kh7 21. e4 dxe4 22. fxe4 Ng4 23. Bg3 Qc8 24. h3 Nf6 25. d5 Bc5+ 26. Kh2 Ng4+ 27. hxg4 Ng5 28. Qf4 1-0

[Event "Gibraltar Masters 9th"]
[Site "Caleta"]
[Date "2011.01.30"]
[Round "6"]
[White "Garcia de Lomas Guerrero, Carlos"]
[Black "Collier, David"]
[Result "1/2-1/2"]
[WhiteElo "1940"]
[BlackElo "2108"]
[PlyCount "68"]
[EventDate "2011.01.25"]
[EventType "swiss"]
[EventRounds "10"]
[EventCountry "GGB"]
[SourceTitle "CBM 141"]
[Source "ChessBase"]
[SourceDate "2011.03.17"]
[SourceVersion "1"]
[SourceVersionDate "2011.03.17"]
[SourceQuality "1"]

1. e4 c5 2. Nf3 d6 3. d4 cxd4 4. Nxd4 Nf6 5. Nc3 a6 6. Bg5 e6 7. f4 Qc7 8. Qf3 Nc6 9. 0-0-0 Nxd4 10. Rxd4 b5 11. Be2 Bb7 12. Rhd1 Be7 13. Bxf6 gxf6 14. f5 Qc5 15. fxe6 fxe6 16. Qh3 Bc8 17. Bh5+ Kd8 18. Bg4 Qe5 19. g3 h5 20. Rd5 exd5 21. Bxc8 Qg5+ 22. Kb1 Rxc8 23. Nxd5 Qg4 24. Qf1 Qxe4 25. Qf2 Rf8 26. Nf4 Rf7 27. Re1 Qc6 28. Ne6+ Ke8 29. Qf5 b4 30. Qg6 Qc4 31. a3 bxa3 32. Ng7+ Kd7 33. Qf5+ Kc6 34. Qxc8+ Kb5 1/2-1/2

[Event "Gibraltar Masters 9th"]
[Site "Caleta"]
[Date "2011.01.28"]
[Round "4"]
[White "Suez Panama, Gilles"]
[Black "Garcia de Lomas Guerrero, Carlos"]
[Result "1-0"]
[WhiteElo "2096"]
[BlackElo "1940"]
[PlyCount "48"]
[EventDate "2011.01.25"]
[EventType "swiss"]
[EventRounds "10"]
[EventCountry "GGB"]
[SourceTitle "CBM 141"]
[Source "ChessBase"]
[SourceDate "2011.03.17"]
[SourceVersion "1"]
[SourceVersionDate "2011.03.17"]
[SourceQuality "1"]

1. d4 d5 2. Nf3 Nf6 3. c4 e6 4. g3 Be7 5. Bg2 0-0 6. 0-0 dxc4 7. Qc2 a6 8. Qxc4 b5 9. Qc2 Bb7 10. Bf4 Nc6 11. Rd1 Nb4 12. Qc1 Rc8 13. Nc3 Nbd5 14. Ne5 Nxc3 15. Qxc3 Bxg2 16. Kxg2 Nd5 17. Qc6 Nb4 18. Qf3 Bd6 19. a3 Bxe5 20. axb4 Bxf4 21. Qxf4 Qd5+ 22. e4 Qb3 23. Qd2 Ra8 24. Ra3 Qc4 1-0

[Event "Gibraltar Masters 9th"]
[Site "Caleta"]
[Date "2011.01.26"]
[Round "2"]
[White "Garcia de Lomas Guerrero, Carlos"]
[Black "Neumanova, Monika"]
[Result "0-1"]
[WhiteElo "1940"]
[BlackElo "1712"]
[PlyCount "142"]
[EventDate "2011.01.25"]
[EventType "swiss"]
[EventRounds "10"]
[EventCountry "GGB"]
[SourceTitle "CBM 141"]
[Source "ChessBase"]
[SourceDate "2011.03.17"]
[SourceVersion "1"]
[SourceVersionDate "2011.03.17"]
[SourceQuality "1"]

1. e4 c5 2. Nf3 Nc6 3. d4 cxd4 4. Nxd4 e6 5. Nxc6 bxc6 6. Bd3 Qc7 7. Qe2 g6 8. Bd2 Bg7 9. Bc3 Nf6 10. 0-0 0-0 11. f4 Re8 12. Nd2 d5 13. e5 Nd7 14. Kh1 a6 15. b3 Bb7 16. Qg4 a5 17. h4 h5 18. Qg3 Nf8 19. Rae1 c5 20. Rf2 Re7 21. Qg5 Nh7 22. Qg3 Nf8 23. a3 Ba6 24. Bxa6 Rxa6 25. Qd3 Ra8 26. g4 hxg4 27. Rg1 d4 28. Bb2 f5 29. exf6 Bxf6 30. Rxg4 Rh7 31. Rh2 Qc6+ 32. Kg1 Qd5 33. Ne4 Qf5 34. Nxf6+ Qxf6 35. h5 Rh6 36. Rhg2 Kf7 37. Qb5 Qe7 38. Qc6 Ra7 39. Qe4 Qf6 40. hxg6+ Rxg6 41. Rg5 Rxg5 42. Rxg5 Rc7 43. b4 axb4 44. axb4 cxb4 45. Bxd4 Qd8 46. Rg7+ Ke8 47. Rg8 Kf7 48. Rg7+ Ke8 49. Rg3 Rc4 50. Rd3 Rxc2 51. Bf2 Qe7 52. Rb3 Qg7+ 53. Rg3 Qa1+ 54. Kg2 Qa2 55. Rf3 b3 56. Qb7 b2 57. Qb8+ Ke7 58. Qb4+ Kf7 59. Qb7+ Kf6 60. f5 exf5 61. Qe4 Rxf2+ 62. Rxf2 b1Q 63. Qd4+ Kg6 64. Rxa2 Qxa2+ 65. Kf1 Qb1+ 66. Kf2 Ne6 67. Qh8 Qb6+ 68. Kf1 Qd8 69. Qc3 Qd1+ 70. Kg2 Nf4+ 71. Kh2 Qh5+ 0-1

[Event "ESP-ch U14"]
[Site "Linares"]
[Date "2010.07.15"]
[Round "5"]
[White "Shen, Yue"]
[Black "Garcia de Lomas Guerrero, Carlos"]
[Result "1-0"]
[WhiteElo "1849"]
[BlackElo "1915"]
[PlyCount "65"]
[EventDate "2010.07.13"]
[EventType "swiss"]
[EventRounds "9"]
[EventCountry "ESP"]
[SourceTitle "CBM 137 Extra"]
[Source "ChessBase"]
[SourceDate "2010.09.01"]
[SourceVersion "1"]
[SourceVersionDate "2010.09.01"]
[SourceQuality "1"]

1. e4 e6 2. d4 d5 3. e5 c5 4. c3 Qb6 5. Nf3 Nc6 6. a3 Nh6 7. b4 cxd4 8. cxd4 Nf5 9. Bb2 Be7 10. Bd3 a5 11. Bxf5 exf5 12. Nc3 Be6 13. b5 a4 14. bxc6 Qxb2 15. Nxa4 Rxa4 16. cxb7 0-0 17. Rb1 Qc3+ 18. Nd2 Bb4 19. axb4 Ra2 20. 0-0 Rxd2 21. Qa4 Qc7 22. Qa8 Rxd4 23. b5 g6 24. Ra1 Rb4 25. Qxf8+ Kxf8 26. Ra8+ Ke7 27. b8Q Qxb8 28. Rxb8 d4 29. Rd1 Bc4 30. b6 d3 31. b7 Bd5 32. f3 Rd4 33. Re8+ 1-0

[Event "ESP-ch U14"]
[Site "Linares"]
[Date "2010.07.13"]
[Round "2"]
[White "Garcia de Lomas Guerrero, Carlos"]
[Black "Jimenez Penafiel, Gustavo"]
[Result "1-0"]
[WhiteElo "1915"]
[BlackElo "1746"]
[PlyCount "51"]
[EventDate "2010.07.13"]
[EventType "swiss"]
[EventRounds "9"]
[EventCountry "ESP"]
[SourceTitle "CBM 137 Extra"]
[Source "ChessBase"]
[SourceDate "2010.09.01"]
[SourceVersion "1"]
[SourceVersionDate "2010.09.01"]
[SourceQuality "1"]

1. e4 c5 2. Nc3 Nc6 3. f4 e6 4. Nf3 g6 5. Bb5 Bg7 6. Bxc6 bxc6 7. d3 Ne7 8. 0-0 0-0 9. Qe1 d5 10. Qh4 h6 11. f5 gxf5 12. Bxh6 fxe4 13. Bxg7 Kxg7 14. Ng5 Nf5 15. Qh5 Nh6 16. Rf4 f6 17. Rg4 fxg5 18. Rxg5+ Kf6 19. Qxh6+ Ke7 20. Rg7+ Kd6 21. dxe4 Qf6 22. Qxf6 Rxf6 23. Re1 e5 24. exd5 cxd5 25. Rd1 Be6 26. Ne4+ 1-0

[Event "ESP-ch U14"]
[Site "Linares"]
[Date "2010.07.13"]
[Round "1"]
[White "Sanchez Merino, Christian"]
[Black "Garcia de Lomas Guerrero, Carlos"]
[Result "0-1"]
[WhiteElo "1631"]
[BlackElo "1915"]
[PlyCount "28"]
[EventDate "2010.07.13"]
[EventType "swiss"]
[EventRounds "9"]
[EventCountry "ESP"]
[SourceTitle "CBM 137 Extra"]
[Source "ChessBase"]
[SourceDate "2010.09.01"]
[SourceVersion "1"]
[SourceVersionDate "2010.09.01"]
[SourceQuality "1"]

1. e4 e6 2. d4 d5 3. Nd2 Nf6 4. e5 Nfd7 5. Ngf3 c5 6. c3 Nc6 7. Bd3 h6 8. 0-0 g5 9. Qc2 cxd4 10. Re1 Bg7 11. cxd4 g4 12. Bg6 gxf3 13. Nxf3 Qe7 14. h4 fxg6 0-1

[Event "Navalmoral op 15th"]
[Site "Navalmoral"]
[Date "2009.12.04"]
[Round "1"]
[White "Korneev, Oleg"]
[Black "Garcia de Lomas Guerrero, Carlos"]
[Result "1-0"]
[WhiteElo "2537"]
[BlackElo "1793"]
[PlyCount "55"]
[EventDate "2009.12.04"]
[EventType "swiss"]
[EventRounds "9"]
[EventCountry "ESP"]
[SourceTitle "CBM 133 Extra"]
[Source "ChessBase"]
[SourceDate "2010.01.05"]
[SourceVersion "1"]
[SourceVersionDate "2010.01.05"]
[SourceQuality "1"]

1. e4 e6 2. d4 d5 3. Nd2 Nf6 4. e5 Nfd7 5. c3 c5 6. Bd3 cxd4 7. cxd4 Nc6 8. Ne2 f6 9. exf6 Nxf6 10. 0-0 Bd6 11. Nf3 Qc7 12. Bg5 Ne4 13. Be3 0-0 14. Ng3 Nf6 15. Rc1 Qe7 16. Re1 Qd8 17. Bg5 Ne7 18. Ne5 Qe8 19. Bb1 Nd7 20. Qg4 Nxe5 21. dxe5 Bb8 22. Bxh7+ Kxh7 23. Qh4+ Kg8 24. Bxe7 Rf7 25. Bd6 Bxd6 26. exd6 Qf8 27. Re5 g6 28. Rg5 1-0

[Event "ESP-ch U14"]
[Site "Granada"]
[Date "2009.07.11"]
[Round "7"]
[White "Garcia de Lomas Guerrero, Carlos"]
[Black "Ontanon Gomez, Pablo"]
[Result "1-0"]
[WhiteElo "1793"]
[BlackElo "1947"]
[PlyCount "69"]
[EventDate "2009.07.07"]
[EventType "swiss"]
[EventRounds "9"]
[EventCountry "ESP"]
[SourceTitle "CBM 131 Extra"]
[Source "ChessBase"]
[SourceDate "2009.09.03"]
[SourceVersion "2"]
[SourceVersionDate "2009.09.16"]
[SourceQuality "1"]

1. e4 c5 2. Nc3 Nc6 3. f4 g6 4. Nf3 d6 5. Bc4 Bg7 6. d3 e6 7. 0-0 Nge7 8. Qe1 0-0 9. Qh4 d5 10. Bb3 Na5 11. f5 Nxb3 12. f6 Bxf6 13. Bg5 Bxg5 14. Nxg5 h5 15. axb3 f6 16. Nh3 Nc6 17. Nf4 Ne5 18. Qg3 Kh7 19. exd5 exd5 20. Nfxd5 Qd6 21. Rxf6 Rxf6 22. Ne4 Nf3+ 23. Kh1 Qxg3 24. Ndxf6+ Kg7 25. hxg3 Nd4 26. Ne8+ Kf8 27. Nc7 Rb8 28. Rxa7 Nxc2 29. Nxc5 Ke7 30. N7a6 Kd6 31. Ne4+ Kc6 32. Nxb8+ Kc7 33. Na6+ Kb6 34. Ra8 Bf5 35. Nac5 1-0